Score 0/21 Timer 04:00
0 Plays Today
Hint Road % Correct
A journey by car/busRoad trip
88.9%
Aggressive or angry behavior exhibited by a driverRoad rage
88.9%
The Beatles' famous albumAbbey Road
88.9%
North American bird known for its speedRoadrunner
88.9%
An animal accidentally killed by a vehicleRoad kill
55.6%
Arguably, the most famous highway in the U.S.U.S. Route 66
44.4%
Rand McNally's book of mapsRoad Atlas
33.3%
Expression used when ready to leaveHit the road
33.3%
Traffic cueRoad sign
22.2%
Expression refering to the less conventional made choiceThe road less traveled
22.2%
Robert Frost's famous poemThe Road Not Taken
22.2%
Hint Road % Correct
Injuries resulting from falling and hitting the cement/asphaltRoad rash
22.2%
A touring show of performersRoad show
22.2%
Chevrolet's coupe utility vehicle produced from 1959 to 1987El Camino
22.2%
JunctionCrossroads
22.2%
Expression for a deciding moment in time between two optionsA fork on the road
22.2%
Highway outside an urban areaOpen Road
22.2%
Not paved highwayDirt road
22.2%
Tourist highway or driveScenic route
22.2%
UNESCO World Heritage Site in northern Spain Camino de Santiago
11.1%
A 1953 play by Tennessee WilliamsCamino Real
11.1%
Come Together.
Have Fun.
All Virtual.
We all need to come together. Play Sporcle's virtual live trivia to have fun, connect with people, and get your trivia on. Join a live hosted trivia game for your favorite pub trivia experience done virtually. If a virtual private party is more your thing, go here for details.

You're not logged in!

Compare scores with friends on all Sporcle quizzes.
OR
Log In

Sporcle TV

Today on Sporcle TV


Watch our educational content, quiz creation guides, and fun videos on Sporcle TV.

Show Comments

Extras

Created Feb 13, 2020ReportNominate
Tags:foreign, item, road

Top Quizzes Today


Score Distribution

Paid Content

Your Account Isn't Verified!

In order to create a playlist on Sporcle, you need to verify the email address you used during registration. Go to your Sporcle Settings to finish the process.

Report this User

Report this user for behavior that violates our Community Guidelines.

Details: